[Event "Mezinarodni turnaj - CALLIDITAS OPEN"]
[Site "Plzen"]
[Date "2020.08.28"]
[Round "7.4"]
[White "Arndt, Stefan"]
[Black "Haba, Zdenek"]
[Result "1/2-1/2"]
[WhiteElo "2168"]
[BlackElo "2163"]
[PlyCount "94"]
[EventDate "2020.08.23"]

1. e4 c5 2. Nf3 d6 3. d4 cxd4 4. Nxd4 Nf6 5. Nc3 g6 6. Bc4 Bg7 7. O-O O-O 8.
Re1 a6 9. Bf1 b5 10. a4 b4 11. Nd5 Nxd5 12. exd5 Bb7 13. Bg5 Re8 14. g3 Nd7 15.
Bg2 Rc8 16. a5 Nf6 17. Qd2 Rc5 18. Nc6 Bxc6 19. dxc6 Rxa5 20. Bxf6 Bxf6 21.
Qxb4 Rb5 22. Qa4 Qc7 23. Qxa6 Rxb2 24. Rab1 Rxc2 25. Rb7 Qc8 26. Qa4 Qf5 27.
Rf1 Qc5 28. Qg4 d5 29. Qd7 Qxc6 30. Qxc6 Rxc6 31. Bxd5 Rd6 32. Bf3 Rd2 33. Re1
Red8 34. Re2 e6 35. h4 h5 36. Kg2 Rxe2 37. Bxe2 Rd2 38. Kf3 Bd4 39. Rb1 e5 40.
Re1 Kg7 41. Kg2 Rc2 42. Kf1 f5 43. Rd1 Bc5 44. Rd7+ Kf6 45. Rc7 Rc1+ 46. Kg2
Ba3 47. Rxc1 Bxc1 1/2-1/2

[Event "Mezinarodni turnaj - CALLIDITAS OPEN"]
[Site "Plzen"]
[Date "2020.08.28"]
[Round "7.5"]
[White "Kubat, Miroslav"]
[Black "Vantuch, Lucian"]
[Result "1/2-1/2"]
[WhiteElo "2019"]
[BlackElo "1966"]
[PlyCount "82"]
[EventDate "2020.08.23"]

1. e4 c5 2. Nc3 a6 3. a4 Nc6 4. g3 e6 5. Bg2 Nf6 6. d3 d5 7. exd5 exd5 8. Bg5
Be6 9. Bxf6 gxf6 10. Nge2 d4 11. Ne4 f5 12. Nd2 Bd5 13. O-O Bxg2 14. Kxg2 Qd5+
15. Kg1 O-O-O 16. Nf4 Qd7 17. Nc4 Kc7 18. Re1 Bh6 19. Qf3 Rhg8 20. Ne5 Qd6 21.
Nxc6 Qxc6 22. Qxc6+ Kxc6 23. Ng2 Rde8 24. f4 Re6 25. Kf2 Rgg6 26. Re2 Bf8 27.
Nh4 Rh6 28. Rae1 Bd6 29. Nf3 Kd7 30. Kg2 Rhg6 31. Ng5 Rxe2+ 32. Rxe2 f6 33. Nh3
Rg7 34. Kf2 Re7 35. Rxe7+ Kxe7 36. Ng1 b5 37. axb5 axb5 38. Nf3 Bc7 39. Ke2 Ba5
40. Nh4 Ke6 41. Kd1 Bb4 1/2-1/2

[Event "Mezinarodni turnaj - CALLIDITAS OPEN"]
[Site "Plzen"]
[Date "2020.08.28"]
[Round "7.6"]
[White "Hoke, Petr"]
[Black "Seterle, Matej"]
[Result "0-1"]
[WhiteElo "1980"]
[BlackElo "1745"]
[PlyCount "120"]
[EventDate "2020.08.23"]

1. g3 d5 2. Bg2 e5 3. d3 f5 4. Nd2 Nf6 5. a3 Be7 6. b4 O-O 7. Bb2 e4 8. c4 c6
9. Nh3 Ng4 10. cxd5 cxd5 11. Qb3 Kh8 12. Nf4 Bg5 13. e3 Bxf4 14. exf4 e3 15.
Nf3 exf2+ 16. Ke2 Nc6 17. d4 a5 18. h3 Nf6 19. Ne5 Nxe5 20. dxe5 Ne4 21. Rhd1
Be6 22. Bd4 axb4 23. axb4 Qd7 24. b5 Rfc8 25. Rdc1 h6 26. b6 Rxa1 27. Rxa1 Qc6
28. Qd3 Qc2+ 29. Qxc2 Rxc2+ 30. Kd3 Rd2+ 31. Ke3 Rc2 32. Bxe4 dxe4 33. Rf1 Ra2
34. Bc3 Ra3 35. Kd2 Rxc3 36. Kxc3 e3 37. Kd3 Bc4+ 38. Kxe3 Bxf1 39. h4 Bc4 40.
Kxf2 Kg8 41. Ke3 Kf7 42. Kd4 Be2 43. Kd5 Ke7 44. Kc5 Bf3 45. Kb5 Ke6 46. Kc5
Kf7 47. Kd6 Bc6 48. Kc7 Ke7 49. Kc8 Ke6 50. Kd8 g6 51. Kc7 g5 52. Kd8 gxf4 53.
gxf4 h5 54. Kc7 Kd5 55. Kd8 Ke4 56. e6 Kxf4 57. e7 Kg3 58. Kc7 f4 59. e8=Q Bxe8
60. Kxb7 Bg6 0-1

[Event "Mezinarodni turnaj - CALLIDITAS OPEN"]
[Site "Plzen"]
[Date "2020.08.28"]
[Round "7.7"]
[White "Nosek, Jan"]
[Black "Chval, Zdenek"]
[Result "0-1"]
[WhiteElo "1968"]
[BlackElo "1676"]
[PlyCount "66"]
[EventDate "2020.08.23"]

1. e4 c5 2. Nf3 d6 3. d4 cxd4 4. Nxd4 Nf6 5. Nc3 a6 6. Be3 e6 7. Be2 Be7 8. O-O
O-O 9. f4 Qc7 10. Qe1 b5 11. a3 Bb7 12. Bd3 Nbd7 13. Kh1 Nc5 14. Bd2 d5 15. e5
Nfe4 16. Bxe4 Nxe4 17. Nxe4 dxe4 18. Bb4 Bxb4 19. axb4 Rfd8 20. c3 Bd5 21. Rf2
Rd7 22. Re2 Qb7 23. Re3 Rf8 24. Qg3 f6 25. exf6 Rxf6 26. Rae1 Rdf7 27. Ne2 Bc4
28. h3 Qd5 29. Nd4 Rxf4 30. Kh2 e5 31. Ne2 Rf2 32. Qg4 Qd2 33. Ng1 Bf1 0-1

[Event "Mezinarodni turnaj - CALLIDITAS OPEN"]
[Site "Plzen"]
[Date "2020.08.28"]
[Round "7.8"]
[White "Hrdlica, Pavel"]
[Black "Tscharotschkin, Michael"]
[Result "1/2-1/2"]
[WhiteElo "1952"]
[BlackElo "2174"]
[PlyCount "103"]
[EventDate "2020.08.23"]

1. Nf3 d5 2. c4 e6 3. d4 c6 4. Nc3 f5 5. Bg5 Be7 6. Bxe7 Qxe7 7. e3 Nf6 8. Be2
O-O 9. O-O Ne4 10. Ne5 Nd7 11. Nxd7 Bxd7 12. Nxe4 fxe4 13. f3 Qg5 14. f4 Qe7
15. c5 b6 16. b4 a5 17. a3 Bc8 18. cxb6 axb4 19. a4 c5 20. dxc5 Qxc5 21. Qd4
Qxd4 22. exd4 Ba6 23. Bxa6 Rxa6 24. a5 Rfa8 25. Rfc1 Kf7 26. Rc7+ Kf6 27. b7
Rb8 28. Rb1 Rxa5 29. Rxb4 Ra7 30. g4 h6 31. Kf2 Ra2+ 32. Ke1 Ra1+ 33. Kd2 Ra2+
34. Kd1 Ra1+ 35. Kc2 Ra2+ 36. Kb3 Ra7 37. h4 h5 38. g5+ Kf5 39. Rxg7 Kxf4 40.
Rf7+ Ke3 41. g6 Kd3 42. g7 e3 43. Rf8 Raxb7 44. Rxb8 Rxg7 45. Re8 Rg1 46. Rxe6
e2 47. Rb5 Rb1+ 48. Ka4 e1=Q 49. Rxe1 Rxe1 50. Rxd5 Kc4 51. Rc5+ Kxd4 52. Rxh5
1/2-1/2

[Event "Mezinarodni turnaj - CALLIDITAS OPEN"]
[Site "Plzen"]
[Date "2020.08.28"]
[Round "7.9"]
[White "Toman, Jan"]
[Black "Novotny, Ondrej"]
[Result "1-0"]
[WhiteElo "1724"]
[BlackElo "2031"]
[PlyCount "47"]
[EventDate "2020.08.23"]

1. d4 Nf6 2. c4 e6 3. g3 d5 4. Bg2 Be7 5. Nf3 O-O 6. O-O c6 7. Qc2 b6 8. b3 Ba6
9. Rd1 Nbd7 10. Bb2 Rc8 11. Nbd2 c5 12. dxc5 Bxc5 13. Rac1 Qe7 14. Qb1 Rfd8 15.
e3 Bb7 16. cxd5 Bxd5 17. Nc4 Ne4 18. Nfe5 Nxe5 19. Nxe5 Qb7 20. Nd3 Be7 21. Nf4
Bc6 22. Rxd8+ Rxd8 23. Rxc6 Qxc6 24. Bxe4 1-0

[Event "Mezinarodni turnaj - CALLIDITAS OPEN"]
[Site "Plzen"]
[Date "2020.08.28"]
[Round "7.10"]
[White "Pacl, Vaclav"]
[Black "Janecek, Pavel"]
[Result "1-0"]
[WhiteElo "2021"]
[BlackElo "1900"]
[PlyCount "117"]
[EventDate "2020.08.23"]

1. Nf3 d5 2. e3 g6 3. c4 c6 4. Nc3 Nf6 5. d4 Bg7 6. Be2 O-O 7. O-O Nbd7 8. cxd5
cxd5 9. Qb3 Nb6 10. Bd2 Ne4 11. Rfd1 Bg4 12. Be1 Rc8 13. a4 Nxc3 14. Bxc3 Qc7
15. h3 Bd7 16. Rdc1 Bc6 17. Ne5 Qd6 18. Nxc6 bxc6 19. Bb4 Qe6 20. Ba6 Rc7 21.
Ba5 Rb8 22. Qd3 f5 23. f4 Qd6 24. Rc2 g5 25. g3 gxf4 26. gxf4 e6 27. Kh1 Kh8
28. b3 Rg8 29. Rg1 Bf8 30. Rxg8+ Kxg8 31. Qd1 Rg7 32. Bf1 Nd7 33. Bd8 c5 34.
Bg5 cxd4 35. Qxd4 Qb6 36. Qxb6 axb6 37. Bh6 Rg6 38. Bxf8 Kxf8 39. b4 Ke7 40.
Rc8 Rg3 41. Bb5 Nf8 42. Re8+ Kf7 43. Rb8 Rxh3+ 44. Kg2 Rxe3 45. Rxb6 Ng6 46. a5
Nxf4+ 47. Kf2 d4 48. a6 Ra3 49. Bc4 Ke7 50. b5 h5 51. Rb8 Kd6 52. b6 d3 53. Ke3
Nd5+ 54. Bxd5 Rxa6 55. Bf3 d2 56. Kxd2 e5 57. b7 Rb6 58. Rd8+ Kc7 59. Rc8+ 1-0

[Event "Mezinarodni turnaj - CALLIDITAS OPEN"]
[Site "Plzen"]
[Date "2020.08.28"]
[Round "7.11"]
[White "Folkova, Martina"]
[Black "Ondrejat, Miroslav"]
[Result "1/2-1/2"]
[WhiteElo "2001"]
[BlackElo "1950"]
[PlyCount "62"]
[EventDate "2020.08.23"]

1. e4 c5 2. Nf3 g6 3. d4 cxd4 4. Nxd4 Bg7 5. Nc3 Nc6 6. Be3 Nf6 7. Bc4 O-O 8.
O-O Nxe4 9. Nxe4 d5 10. Nxc6 bxc6 11. Bd3 dxe4 12. Bxe4 Qc7 13. c3 f5 14. Bd3
Be6 15. Re1 Bf7 16. Bc5 Rfe8 17. Qa4 e5 18. Rad1 e4 19. Bc4 Be5 20. Bxf7+ Kxf7
21. h3 a5 22. Qc4+ Kf6 23. b4 axb4 24. cxb4 Red8 25. Qb3 Qf7 26. Qxf7+ Kxf7 27.
Rxd8 Rxd8 28. a4 Rd2 29. g3 Ra2 30. a5 Ke6 31. Rd1 g5 1/2-1/2

[Event "Mezinarodni turnaj - CALLIDITAS OPEN"]
[Site "Plzen"]
[Date "2020.08.28"]
[Round "7.12"]
[White "Jares, Michal"]
[Black "Schubert, Gerhard"]
[Result "1-0"]
[WhiteElo "1906"]
[BlackElo "1976"]
[PlyCount "75"]
[EventDate "2020.08.23"]

1. e4 d6 2. d4 Nf6 3. Nc3 Nbd7 4. Nf3 e5 5. Bc4 Be7 6. O-O c6 7. a4 a5 8. Re1
Qc7 9. Ba2 h6 10. Nh4 g6 11. h3 Nf8 12. Be3 Nh5 13. Nf5 Rh7 14. d5 gxf5 15.
Qxh5 f4 16. Bd2 Ng6 17. Kh2 Bd7 18. dxc6 bxc6 19. g3 Bg5 20. Rad1 Qb6 21. Kg2
Rg7 22. Kf1 Qa6+ 23. Ne2 Nh4 24. gxh4 Bxh3+ 25. Kg1 Bg4 26. Qxg4 Bf6 27. Qxg7
Bxg7 28. Bc3 Bf6 29. Rxd6 Ke7 30. Rxf6 Kxf6 31. Nxf4 Rg8+ 32. Kh2 Qc8 33. Nd3
Ke7 34. Bxe5 Qg4 35. Bg3 Kd8 36. Ne5 Qh5 37. Bxf7 Rg6 38. Bxg6 1-0

[Event "Mezinarodni turnaj - CALLIDITAS OPEN"]
[Site "Plzen"]
[Date "2020.08.28"]
[Round "7.13"]
[White "Bechynsky, Jan"]
[Black "Cizek, Jan"]
[Result "1-0"]
[WhiteElo "1955"]
[BlackElo "1645"]
[PlyCount "93"]
[EventDate "2020.08.23"]

1. e4 e6 2. Qe2 c5 3. Nf3 Nc6 4. g3 Nf6 5. c4 d6 6. Bg2 Be7 7. O-O Qc7 8. Nc3
a6 9. a3 O-O 10. d3 Bd7 11. Rb1 Nd4 12. Nxd4 cxd4 13. Nd1 b5 14. e5 dxe5 15.
Bxa8 Rxa8 16. b3 Bc6 17. f3 Rb8 18. Nf2 bxc4 19. dxc4 a5 20. Re1 Nd7 21. Nd3 f6
22. b4 Qb7 23. Kf2 axb4 24. axb4 Nc5 25. Bd2 Nxd3+ 26. Qxd3 Be8 27. Qb3 Bg6 28.
Rb2 Bc5 29. b5 e4 30. fxe4 Bxe4 31. Bb4 Bxb4 32. Qxb4 Bh1 33. Ke2 Qf3+ 34. Kd2
e5 35. Qb3 Qf2+ 36. Re2 Qf5 37. c5+ Kf8 38. c6 Qg5+ 39. Kd1 Ra8 40. Ra2 Rxa2
41. Rxa2 Qh5+ 42. Ke1 Qf5 43. Ra8+ Ke7 44. Ra7+ Kd6 45. Qb4+ Kd5 46. Rd7+ Ke4
47. Qb1+ 1-0

[Event "Mezinarodni turnaj - CALLIDITAS OPEN"]
[Site "Plzen"]
[Date "2020.08.28"]
[Round "7.14"]
[White "Bassani, Eduardo"]
[Black "Langmajer, Jan"]
[Result "1-0"]
[WhiteElo "1957"]
[BlackElo "1716"]
[PlyCount "57"]
[EventDate "2020.08.23"]

1. d4 d5 2. c4 e6 3. Nf3 Nf6 4. g3 dxc4 5. Bg2 Nbd7 6. O-O Nb6 7. Qc2 Bd6 8. e4
Nfd7 9. Nbd2 O-O 10. Nxc4 Nxc4 11. Qxc4 h6 12. Rd1 c6 13. b3 Qe7 14. Bb2 e5 15.
Rac1 exd4 16. Qxd4 f5 17. Qxd6 Qxd6 18. Rxd6 fxe4 19. Nd2 Nb6 20. Bxe4 Bh3 21.
Nc4 Nxc4 22. bxc4 Rae8 23. f3 h5 24. Bd4 a6 25. Bf2 Re5 26. Re1 Ra5 27. Rd2 Ra4
28. c5 Rb4 29. f4 1-0

[Event "Mezinarodni turnaj - CALLIDITAS OPEN"]
[Site "Plzen"]
[Date "2020.08.28"]
[Round "7.15"]
[White "Cipl, Jan"]
[Black "Nandi, Robin J"]
[Result "1/2-1/2"]
[WhiteElo "1634"]
[BlackElo "1902"]
[PlyCount "79"]
[EventDate "2020.08.23"]

1. e4 e5 2. Nf3 Nc6 3. d4 exd4 4. Nxd4 Nf6 5. Nxc6 bxc6 6. e5 Qe7 7. Qe2 Nd5 8.
c4 Ba6 9. Qe4 Nf6 10. Qe2 Nd5 11. b3 g5 12. Qe4 Bg7 13. Bb2 Nf4 14. Nd2 O-O 15.
O-O-O Rfe8 16. g3 Ng6 17. f4 gxf4 18. gxf4 Qh4 19. f5 Bxe5 20. Bxe5 Rxe5 21.
Qc2 Ne7 22. Bd3 Kh8 23. Kb1 Qh5 24. f6 Nf5 25. Rde1 Rae8 26. Rxe5 Rxe5 27. Qb2
Re8 28. Rf1 Nd6 29. Qa3 Bb7 30. Qxa7 c5 31. Qa5 Qe5 32. Qxc7 Nxc4 33. Qxe5
Nxd2+ 34. Kc2 Rxe5 35. Kxd2 d5 36. Rf5 Re6 37. Bb5 Kg8 38. a4 h6 39. h4 Kh7 40.
h5 1/2-1/2

[Event "Mezinarodni turnaj - CALLIDITAS OPEN"]
[Site "Plzen"]
[Date "2020.08.28"]
[Round "7.16"]
[White "Hoerhold, Karola"]
[Black "Hodan, Jiri"]
[Result "0-1"]
[WhiteElo "1725"]
[BlackElo "1871"]
[PlyCount "68"]
[EventDate "2020.08.23"]

1. e4 e5 2. Nf3 Nf6 3. Bc4 Nxe4 4. Nc3 Nd6 5. Bb3 Nc6 6. d3 Be7 7. Nd5 Nf5 8.
Nxe7 Nfxe7 9. O-O d5 10. h3 Ng6 11. Ng5 f6 12. Nf3 Na5 13. Re1 Nxb3 14. axb3
O-O 15. Bd2 Re8 16. Nh2 b6 17. Ra4 Bb7 18. d4 Bc6 19. Ra1 exd4 20. Qg4 Re4 21.
Rxe4 dxe4 22. Qe6+ Kh8 23. Qxc6 f5 24. Qe6 Qf8 25. Qd7 Rd8 26. Qb5 f4 27. Rxa7
e3 28. fxe3 dxe3 29. Be1 Qd6 30. Nf3 Nf8 31. Qa6 Qc6 32. Bc3 Rd1+ 33. Kh2 Qg6
34. Rxc7 Qg3# 0-1

[Event "Mezinarodni turnaj - CALLIDITAS OPEN"]
[Site "Plzen"]
[Date "2020.08.28"]
[Round "7.17"]
[White "Svanda, Adam"]
[Black "Klabenes, Petr"]
[Result "1/2-1/2"]
[WhiteElo "1852"]
[BlackElo "1660"]
[PlyCount "112"]
[EventDate "2020.08.23"]

1. c4 c5 2. Nc3 e6 3. e4 Nc6 4. g3 Nf6 5. Bg2 Be7 6. Nge2 O-O 7. O-O d6 8. d4
cxd4 9. Nxd4 Ne5 10. b3 Bd7 11. f4 Nc6 12. Be3 Qa5 13. Rc1 Rac8 14. Qe2 a6 15.
a4 Nxd4 16. Bxd4 e5 17. Be3 Bg4 18. Qf2 Qb4 19. Qc2 Bd8 20. f5 Bb6 21. Bxb6
Qxb6+ 22. Kh1 Kh8 23. h3 Nh5 24. Kh2 Bxh3 25. Bxh3 Qe3 26. Qf2 Qh6 27. Nd5 g5
28. g4 Nf4 29. Nxf4 gxf4 30. Rh1 Rc7 31. Kg2 Rfc8 32. Kf3 b5 33. Bg2 Qg7 34.
axb5 axb5 35. Bf1 bxc4 36. Bxc4 f6 37. Rh5 d5 38. exd5 Qe7 39. Qe2 Qa3 40. Rch1
Rb8 41. Kg2 Rbb7 42. R1h3 Rg7 43. Rh6 e4 44. Qxe4 Rbe7 45. Qxf4 Qb2+ 46. Kg3
Qc3+ 47. Kh4 Qe1+ 48. Qg3 Qd2 49. Rh5 Re4 50. Qb8+ Rg8 51. Rxh7+ Kxh7 52. Kg3+
Kg7 53. Qc7+ Kf8 54. Qd6+ Kg7 55. Qd7+ Kf8 56. Qd8+ Kg7 1/2-1/2

[Event "Mezinarodni turnaj - CALLIDITAS OPEN"]
[Site "Plzen"]
[Date "2020.08.28"]
[Round "7.18"]
[White "Mlcak, Viktor"]
[Black "Kratochvilova, Magdalena"]
[Result "1-0"]
[WhiteElo "1803"]
[BlackElo "1580"]
[PlyCount "85"]
[EventDate "2020.08.23"]

1. e4 c5 2. a3 g6 3. b4 Bg7 4. Nc3 d6 5. Bb2 Nf6 6. Rb1 Nc6 7. b5 Nd4 8. Bc4
O-O 9. d3 e6 10. Nge2 d5 11. exd5 Nxe2 12. Nxe2 exd5 13. Bb3 Re8 14. O-O Qd6
15. h3 a6 16. bxa6 Rxa6 17. Qd2 b6 18. Rfe1 Bb7 19. Qf4 Qc6 20. Qf3 Raa8 21.
Nf4 d4 22. Qxc6 Bxc6 23. Kf1 g5 24. Ne2 Re7 25. Ng3 Rxe1+ 26. Rxe1 Re8 27.
Rxe8+ Nxe8 28. Bc1 h6 29. f4 Bf6 30. Nf5 gxf4 31. Nxh6+ Kg7 32. Bxf4 Be7 33.
Nxf7 Nf6 34. Nd6 Bd5 35. Nf5+ Kf7 36. Nxe7 Kxe7 37. Bg5 Bc6 38. a4 Bd7 39. Kf2
Be6 40. Bxe6 Kxe6 41. Bxf6 Kxf6 42. Kf3 Kf5 43. h4 1-0

[Event "Mezinarodni turnaj - CALLIDITAS OPEN"]
[Site "Plzen"]
[Date "2020.08.28"]
[Round "7.19"]
[White "Macho, Miloslav"]
[Black "Chudek, Lubomir"]
[Result "0-1"]
[WhiteElo "1661"]
[BlackElo "1785"]
[PlyCount "48"]
[EventDate "2020.08.23"]

1. Nf3 Nf6 2. g3 d5 3. Bg2 Bg4 4. d3 c6 5. Nbd2 Nbd7 6. b3 e5 7. Bb2 Qc7 8. h3
Bh5 9. g4 Bg6 10. Nh4 Bc5 11. Nxg6 hxg6 12. e3 a5 13. a4 O-O-O 14. Qe2 Qd6 15.
c4 d4 16. e4 Bb4 17. Qd1 Nc5 18. Qc2 Nfd7 19. O-O-O Ne6 20. Nf3 Nf4 21. Rdg1
Nc5 22. Bf1 Qf6 23. g5 Nfxd3+ 24. Bxd3 Qxf3 0-1

[Event "Mezinarodni turnaj - CALLIDITAS OPEN"]
[Site "Plzen"]
[Date "2020.08.28"]
[Round "7.20"]
[White "Teply Koutsky, David"]
[Black "Navratil, Ladislav"]
[Result "1-0"]
[WhiteElo "1512"]
[BlackElo "1746"]
[PlyCount "69"]
[EventDate "2020.08.23"]

1. d4 Nf6 2. c4 c5 3. d5 b5 4. cxb5 a6 5. bxa6 g6 6. a7 Rxa7 7. Nc3 Ba6 8. e4
Bxf1 9. Kxf1 d6 10. Nf3 Bg7 11. g3 O-O 12. Kg2 Nbd7 13. Re1 Ng4 14. h3 Nge5 15.
Nxe5 Nxe5 16. f4 Nd7 17. Nb5 Ra6 18. a4 Qb6 19. Ra2 Rfa8 20. b3 Qb7 21. Rc2 Nb6
22. Be3 c4 23. bxc4 Rxa4 24. Qd3 Nxc4 25. Rxc4 Ra2+ 26. Re2 f5 27. Nd4 fxe4 28.
Qxe4 e5 29. Rxa2 Rxa2+ 30. Nc2 Ra5 31. fxe5 Bxe5 32. Bd4 Rxd5 33. Bxe5 Rd2+ 34.
Kf3 Qb3+ 35. Bc3 1-0

[Event "Mezinarodni turnaj - CALLIDITAS OPEN"]
[Site "Plzen"]
[Date "2020.08.28"]
[Round "7.21"]
[White "Soutner, Jaroslav"]
[Black "Vachal, Josef"]
[Result "1/2-1/2"]
[WhiteElo "1726"]
[BlackElo "1808"]
[PlyCount "117"]
[EventDate "2020.08.23"]

1. e4 d5 2. exd5 Nf6 3. Bb5+ Nbd7 4. Nc3 a6 5. Ba4 b5 6. Bb3 Nb6 7. d4 Bb7 8.
Nf3 Nbxd5 9. Nxd5 Nxd5 10. O-O e6 11. c3 Be7 12. Qd3 Qd6 13. Bc2 Nf4 14. Bxf4
Qxf4 15. Qe3 Qg4 16. h3 Qh5 17. Be4 Bxe4 18. Qxe4 O-O 19. Rad1 Rfd8 20. Ne5 Rd5
21. Rd3 Bd6 22. f4 f6 23. Ng4 Qf5 24. Qxf5 Rxf5 25. g3 b4 26. c4 Rd8 27. Rfd1
c6 28. b3 Kf7 29. Kg2 Bc7 30. Ne3 Rh5 31. R1d2 Ke7 32. Ng4 a5 33. Rd1 a4 34.
Ne3 Ra5 35. Kf3 h6 36. Nc2 Rb8 37. Ne3 g5 38. d5 cxd5 39. cxd5 Rd8 40. d6+ Rxd6
41. Rxd6 Bxd6 42. Rxd6 axb3 43. axb3 gxf4 44. gxf4 Rh5 45. Kg4 Rxh3 46. Kxh3
Kxd6 47. Kg4 Kc5 48. Kh5 Kd4 49. Nc4 Ke4 50. Kxh6 Kxf4 51. Kg6 f5 52. Kf6 e5
53. Nxe5 Ke4 54. Nc4 f4 55. Ke6 Kd4 56. Ne5 Kc3 57. Kf5 Kxb3 58. Kxf4 Kc3 59.
Ke3 1/2-1/2

[Event "Mezinarodni turnaj - CALLIDITAS OPEN"]
[Site "Plzen"]
[Date "2020.08.28"]
[Round "7.22"]
[White "Lorenc, David"]
[Black "Molnar, Ladislav"]
[Result "0-1"]
[WhiteElo "1772"]
[BlackElo "1698"]
[PlyCount "108"]
[EventDate "2020.08.23"]

1. e4 e6 2. Nc3 d5 3. Nf3 d4 4. Ne2 c5 5. c3 Nc6 6. cxd4 cxd4 7. Qa4 Bc5 8. b4
Bxb4 9. Nexd4 Qa5 10. Bb5 Bd7 11. Nxc6 bxc6 12. Qxa5 Bxa5 13. Ba4 Nf6 14. e5
Nd5 15. Ba3 Bb4 16. Bxb4 Nxb4 17. O-O Ke7 18. Rfc1 Rhc8 19. d4 Rab8 20. Nd2 Nd5
21. Bb3 Rb4 22. Rc4 Rcb8 23. Rac1 a5 24. Rxb4 Rxb4 25. Rc4 f6 26. Rxb4 axb4 27.
Ne4 fxe5 28. dxe5 Nf4 29. Nc5 Bc8 30. g3 Nd5 31. Kf1 Nc7 32. Bc4 g5 33. f4 gxf4
34. gxf4 Nd5 35. Nd3 Ne3+ 36. Kf2 Nxc4 37. Nxb4 Bd7 38. Nd3 Be8 39. Nc5 Bg6 40.
Kf3 Bb1 41. a4 Na5 42. Kg4 Bc2 43. Kg5 Nb3 44. Nb7 Bd3 45. Nd6 c5 46. f5 exf5
47. Nxf5+ Bxf5 48. Kxf5 c4 49. Ke4 Ke6 50. a5 Nxa5 51. Kd4 Kf5 52. Kd5 c3 53.
e6 Kf6 54. Kd6 Nb7+ 0-1

[Event "Mezinarodni turnaj - CALLIDITAS OPEN"]
[Site "Plzen"]
[Date "2020.08.28"]
[Round "7.24"]
[White "Mametev, Artem"]
[Black "Novotny, Jaromir"]
[Result "1/2-1/2"]
[WhiteElo "1479"]
[BlackElo "1737"]
[PlyCount "105"]
[EventDate "2020.08.23"]

1. e4 d5 2. exd5 Nf6 3. d4 Bg4 4. f3 Bf5 5. g4 Bg6 6. c4 e6 7. Qa4+ c6 8. dxe6
Qxd4 9. Ne2 Qe5 10. Qb3 Qc7 11. Bf4 Qc8 12. exf7+ Bxf7 13. Qe3+ Be7 14. Bd6 Qd7
15. Qxe7+ Qxe7 16. Bxe7 Kxe7 17. Nd4 Re8 18. Nc3 Kf8+ 19. Kd2 Rd8 20. Ke3 Na6
21. Be2 Re8+ 22. Kf2 Nd7 23. Ne4 Ne5 24. Nd6 Re7 25. N4f5 Rd7 26. Nxf7 Rxf7 27.
Rad1 Nxg4+ 28. fxg4 g6 29. Bd3 gxf5 30. Bxf5 Nc5 31. Kg3 Re8 32. Rhe1 Rfe7 33.
Rxe7 Rxe7 34. b4 Na4 35. Rd7 Rxd7 36. Bxd7 Nc3 37. a3 Nb1 38. a4 Nc3 39. a5
Ne2+ 40. Kf3 Nd4+ 41. Ke4 Nc2 42. b5 cxb5 43. a6 bxa6 44. c5 Kf7 45. g5 Ke7 46.
Bf5 a5 47. Kd3 Nb4+ 48. Kc3 Nd5+ 49. Kb3 a4+ 50. Ka3 a5 51. Ka2 b4 52. Bc2 Nc3+
53. Kb2 1/2-1/2

[Event "Mezinarodni turnaj - CALLIDITAS OPEN"]
[Site "Plzen"]
[Date "2020.08.28"]
[Round "7.25"]
[White "Berka, Lubos"]
[Black "Dudova, Pavlina"]
[Result "1/2-1/2"]
[WhiteElo "1695"]
[BlackElo "1496"]
[PlyCount "105"]
[EventDate "2020.08.23"]

1. c4 e5 2. Nc3 Nf6 3. Nf3 Nc6 4. e3 d5 5. cxd5 Nxd5 6. Bc4 Be6 7. Qe2 Be7 8.
O-O O-O 9. Rd1 Nxc3 10. bxc3 Qd7 11. d4 e4 12. Bxe6 Qxe6 13. Nd2 f5 14. Nf1 Qh6
15. a3 Rf6 16. c4 Rg6 17. c5 Rf8 18. Bb2 f4 19. exf4 Qxf4 20. Bc1 Qf6 21. Be3
Rd8 22. Qc4+ Kh8 23. Ng3 Rg4 24. Rd2 b6 25. cxb6 cxb6 26. Rc1 Na5 27. Qa2 Bd6
28. Rdc2 h6 29. Rc8 Rf8 30. Rxf8+ Qxf8 31. Qd5 Bxa3 32. Rc7 Rg6 33. Nxe4 Qe8
34. Rxa7 Rc6 35. Rxa5 bxa5 36. g3 Qe6 37. Qd8+ Kh7 38. Qh4 Kh8 39. Qd8+ Qg8 40.
Qxa5 Bc1 41. d5 Rc8 42. Bxc1 Rxc1+ 43. Kg2 Qf7 44. Qd2 Rc7 45. d6 Rd7 46. Nc5
Rd8 47. d7 Qe7 48. Qa5 Kg8 49. Qc7 Kh8 50. Qc6 Kg8 51. h4 Kh8 52. h5 Kg8 53.
Qc7 1/2-1/2

[Event "Mezinarodni turnaj - CALLIDITAS OPEN"]
[Site "Plzen"]
[Date "2020.08.28"]
[Round "7.26"]
[White "Kalista, Karel"]
[Black "Roubal, Matyas"]
[Result "0-1"]
[WhiteElo "1656"]
[BlackElo "1471"]
[PlyCount "130"]
[EventDate "2020.08.23"]

1. d4 d5 2. c4 e6 3. Nc3 c5 4. cxd5 exd5 5. Nf3 Nc6 6. g3 Nf6 7. Bg2 cxd4 8.
Nxd4 Bc5 9. e3 O-O 10. O-O Re8 11. b3 Bxd4 12. exd4 Qb6 13. Nxd5 Nxd5 14. Bxd5
Qxd4 15. Qxd4 Nxd4 16. Bb2 Nc2 17. Rac1 Nb4 18. Bf3 Nd3 19. Rc2 Ne1 20. Rc3
Nxf3+ 21. Rxf3 Bh3 22. Rc1 Re2 23. Bd4 Rae8 24. Re3 R8xe3 25. fxe3 Rxa2 26. Rc7
Rg2+ 27. Kh1 Rf2 28. Rc1 b6 29. Kg1 Rf3 30. Ra1 h6 31. Rc1 Kh7 32. Rb1 Kg6 33.
e4 f6 34. Bf2 Rd3 35. Kh1 Kg5 36. b4 Kg4 37. Ra1 Kf3 38. Be1 b5 39. Kg1 a6 40.
Rc1 Be6 41. Rc3 Rxc3 42. Bxc3 Kxe4 43. Kf2 Kd3 44. Be1 Bd5 45. Kf1 f5 46. h4 g5
47. hxg5 hxg5 48. Kf2 f4 49. gxf4 gxf4 50. Kf1 Kc4 51. Ke2 a5 52. bxa5 b4 53.
Kd2 Kb5 54. Kc2 Kxa5 55. Bf2 Kb5 56. Bg1 Kc4 57. Bf2 Be4+ 58. Kd2 b3 59. Kc1
Bc2 60. Kd2 Kd5 61. Kc3 Ke4 62. Kd2 Kf3 63. Bd4 Kg2 64. Ke2 f3+ 65. Ke1 f2+ 0-1

[Event "Mezinarodni turnaj - CALLIDITAS OPEN"]
[Site "Plzen"]
[Date "2020.08.28"]
[Round "7.28"]
[White "Kotesovec, Jaroslav"]
[Black "Mastny, Theodor"]
[Result "0-1"]
[WhiteElo "1585"]
[BlackElo "1440"]
[PlyCount "64"]
[EventDate "2020.08.23"]

1. e4 d5 2. exd5 Qxd5 3. Nc3 Qa5 4. Nf3 Nf6 5. d4 c6 6. Bd2 Qb6 7. Na4 Qc7 8.
Bd3 Bg4 9. Qe2 e6 10. h3 Bxf3 11. Qxf3 Nbd7 12. O-O Bd6 13. c4 c5 14. d5 exd5
15. Rfe1+ Ne5 16. Qf5 O-O 17. cxd5 Nxd3 18. Qxd3 Rfd8 19. b3 Nxd5 20. g3 Be5
21. Rac1 Nb4 22. Qf5 Nd3 23. Rxc5 Nxc5 24. Nxc5 Rxd2 25. Rxe5 Rd1+ 26. Kh2 Qc6
27. Ne4 Re8 28. Rc5 Qg6 29. Qf3 Re1 30. Nd6 Qxd6 31. Rf5 R8e7 32. Rd5 Qc6 0-1

[Event "Mezinarodni turnaj - CALLIDITAS OPEN"]
[Site "Plzen"]
[Date "2020.08.28"]
[Round "7.30"]
[White "Nagyova, Daniela"]
[Black "Hercik, Richard"]
[Result "1-0"]
[WhiteElo "1572"]
[BlackElo "1401"]
[PlyCount "71"]
[EventDate "2020.08.23"]

1. e4 e5 2. Nf3 Nf6 3. Nxe5 d6 4. Nf3 Nxe4 5. Nc3 Nxc3 6. dxc3 Be7 7. Be3 O-O
8. Qd2 h6 9. Bd3 Bg4 10. O-O-O c5 11. h3 Be6 12. Kb1 c4 13. Be4 Qc7 14. g4 f5
15. gxf5 Bxf5 16. Qd5+ Rf7 17. Bxf5 Nc6 18. Be6 Raf8 19. Qxc4 Bd8 20. Nd4 Bf6
21. Nxc6 bxc6 22. Bxf7+ Rxf7 23. Bd4 d5 24. Qd3 Be7 25. Rhg1 Qf4 26. Bxa7 Bh4
27. Bd4 Bxf2 28. Bxf2 Qxf2 29. Rgf1 Qa7 30. Rxf7 Qxf7 31. a3 Qe6 32. Qg3 Qf6
33. Re1 Qf7 34. Qd6 Qf5 35. Qe6+ Qxe6 36. Rxe6 1-0

[Event "Mezinarodni turnaj - CALLIDITAS OPEN"]
[Site "Plzen"]
[Date "2020.08.28"]
[Round "7.31"]
[White "Roubal, Frantisek"]
[Black "Stepanek, Vit"]
[Result "1/2-1/2"]
[WhiteElo "1208"]
[BlackElo "1539"]
[PlyCount "61"]
[EventDate "2020.08.23"]

1. d4 d5 2. Bf4 e6 3. c3 Bd6 4. Bxd6 Qxd6 5. Nf3 Nd7 6. Nbd2 Ngf6 7. e3 O-O 8.
Bd3 c5 9. c4 cxd4 10. Nxd4 Ne5 11. Be2 Bd7 12. cxd5 Qxd5 13. Bf3 Nxf3+ 14. Qxf3
Rac8 15. Qxd5 Nxd5 16. a3 e5 17. N4f3 f6 18. O-O Rc2 19. b4 Nc3 20. Rfe1 Bb5
21. g3 g5 22. h3 e4 23. Nxe4 Nxe4 24. Nd4 Rxf2 25. Nxb5 Rd8 26. Nd4 Rb2 27. g4
Nf2 28. Re2 Rxe2 29. Nxe2 Rd1+ 30. Rxd1 Nxd1 31. e4 1/2-1/2